Poradenské služby

Poradenstvo predstavuje profesiu, s ktorou sa v dnešnej dobe stretne takmer každá firma, ak má ambíciu uspieť na konkurenčnom trhu. Záber poskytovania poradenských služieb je široký, môže ísť o finančné, daňové, právne alebo marketingové poradenstvo. Základné teoretické východiská v skúmanej problem...

Ausführliche Beschreibung

Gespeichert in:
Bibliographische Detailangaben
1. Verfasser: Bečková Kováčová, Ina
Format: Buchkapitel
Sprache:Slowakisch
Schlagworte:
Tags: Tag hinzufügen
Keine Tags, Fügen Sie das erste Tag hinzu!

MARC

LEADER 00000nla a2200000 4500
001 0234088
005 20240417075123.0
041 0 |a slo 
044 |a SK 
245 1 0 |a Poradenské služby  |c Ina Bečková Kováčová 
520 |a Poradenstvo predstavuje profesiu, s ktorou sa v dnešnej dobe stretne takmer každá firma, ak má ambíciu uspieť na konkurenčnom trhu. Záber poskytovania poradenských služieb je široký, môže ísť o finančné, daňové, právne alebo marketingové poradenstvo. Základné teoretické východiská v skúmanej problematike poradenských služieb a aktuálne trendy. 
610 2 0 |a poradenstvo 
610 2 0 |a služby poradenské 
610 2 0 |a poradcovia 
610 2 0 |a legislatíva 
100 1 |a Bečková Kováčová, Ina